000
00291nam a22001337a 4500
008
181001b xxu||||| |||| 00| 0 eng d
020
_a
0444430261
041
_a
eng
080
_a
574
100
_a
9
101
_a
MJE
245
_a
Energy in World Agriculture
_c
Fate,K.L
942
_2
udc
_c
BK
999
_c
48748
_d
48748